BSOP header

Noli Me Tangere : (Record no. 6864)

MARC details
000 -LEADER
fixed length control field 00510nam a2200169 4500
008 - FIXED-LENGTH DATA ELEMENTS--GENERAL INFORMATION
fixed length control field 020610s1956 us engCO
100 1# - MAIN ENTRY--PERSONAL NAME
Personal name Rizal, Jose
245 10 - TITLE STATEMENT
Title Noli Me Tangere :
Remainder of title a complete English translation of Noli Me Tangere from the Spanish of Dr. Jose Rizal /
Statement of responsibility, etc Jose Rizal.
260 ## - PUBLICATION, DISTRIBUTION, ETC. (IMPRINT)
Place of publication, distribution, etc Manila :
Name of publisher, distributor, etc Capitol,
Date of publication, distribution, etc c1956.
300 ## - PHYSICAL DESCRIPTION
Extent 568 p. ;
Dimensions 23 cm.
336 ## - CONTENT TYPE
Content Type Term text
337 ## - MEDIA TYPE
Media Type Term unmediated
338 ## - CARRIER TYPE
Carrier Type Term volume
650 #4 - SUBJECT ADDED ENTRY--TOPICAL TERM
Topical term or geographic name as entry element Philippine literature.
700 1# - ADDED ENTRY--PERSONAL NAME
Personal name Osias, Camilo.
942 ## - ADDED ENTRY ELEMENTS (KOHA)
Source of classification or shelving scheme Library of Congress Classification
Item type Books
Holdings
Withdrawn status Lost status Source of classification or shelving scheme Damaged status Not for loan Home library Current library Shelving location Date acquired Inventory number Total Checkouts Full call number Barcode Date last seen Price effective from Koha item type
    Library of Congress Classification     BSOP Library BSOP Library Filipiniana 12/21/2000 5912   DS675.8 R52 00016271 02/23/2013 02/23/2013 Books
BSOP

Biblical Seminary of the Philippines
  All rights Reserved
  © 2024

CONTACT INFORMATION

Biblical Seminary of the Philippines,
  77-B Karuhatan Road, Valenzuela City,
  PHILIPPINES 1441
  Phone: +632 8292-6795 / 8292-6798
  Fax : +632 8292-6675
  Email: library@bsop.edu.ph